000 00317nam a2200121Ia 4500
005 20251222152034.0
008 251222s9999||||xx |||||||||||||| ||spa||
020 _a978-968-24-6930-5
082 _a634.04/L51
100 _a"Lesur, Luis, coor."
245 0 _aManual de fruticultura: Una guía paso a paso
942 _cLIB
999 _c25766
_d25766